| 000 | 01144pam a2200349 4500 | ||
|---|---|---|---|
| 001 | data | ||
| 005 | 20260322212105.0 | ||
| 008 | data | ||
| 035 | _a2668577 | ||
| 906 |
_a7 _bcbc _corignew _d1 _eocip _f19 _gy-gencatlg |
||
| 010 | _a 73010087 | ||
| 020 |
_a0398029490 (pbk) _a0398029490 (pbk) |
||
| 020 | _a9780398029500 | ||
| 020 |
_a9780398029494 _q(pbk) |
||
| 035 | _9(DLC) 73010087 | ||
| 040 |
_aDLC _cDLC _dDLC |
||
| 050 | 0 | 0 |
_aRA651 _b.A95 |
| 060 | _aWA100 A935e 1973 | ||
| 082 | 0 | 0 | _a616/.00723 |
| 100 | 1 | _aAustin, Donald F. | |
| 245 | 1 | 0 |
_aEpidemiology for the health sciences; _ba primer on epidemiologic concepts and their uses, _cby Donald F. Austin and S. Benson Werner. |
| 260 |
_aSpringfield, Ill., _bC. C. Thomas _c[1974] |
||
| 300 |
_avii, 75 p. _billus. _c24 cm. |
||
| 336 |
_atext _btxt _2rdacontent |
||
| 337 |
_aunmediated _bn _2rdamedia |
||
| 338 |
_avolume _bnc _2rdacarrier |
||
| 650 | 0 | _aEpidemiology. | |
| 650 | 2 | _aEpidemiology. | |
| 700 | 1 |
_aWerner, Sanford Benson, _d1939- _ejoint author. |
|
| 991 |
_bc-GenColl _hRA651 _i.A95 _tCopy 1 _wBOOKS |
||
| 999 |
_c1529 _d1529 |
||